Úloha mastocytu v patogenéze mastocytózy - od génu po kliniku inauguračná prednáška

Bibliographic Details
Main Author: Péč, Martin, 1963- (Author)
Format: Book
Language:Slovak
Published: Nitra Univerzita Konštantína Filozofa v Nitre 2016
Series:Inauguračné prednášky
Subjects:

MARC

LEADER 00000nam a2200000 4500
001 vtls011861093
003 SK-MaSNL
005 20260301051054.0
008 230501s2016 xo o f a 000 0dslo
015 |a SNBA2021/01 
020 |a 9788055809755  |q (brožované) 
035 |a urn:nbn:sk:snk-am00iccf 
035 |a A7118A98-3FD5-4EC8-BE1E-6D00DA34E34C 
040 |a SNK  |b slo  |c SNK  |e rda 
041 0 |a slo  |b eng  |b slo 
044 |a xo  |c SK 
072 7 |a 616  |x Patológia. Klinická medicína  |2 konspekt 
080 |a 616.1/.9:576.38  |2 2011 
080 |a 616-02-092  |2 2011 
080 |a 57.086.3  |2 2011 
080 |a (043.5:042.3)  |2 2011 
100 1 |a Péč, Martin,  |d 1963-  |4 aut  |9 190176 
245 1 0 |a Úloha mastocytu v patogenéze mastocytózy - od génu po kliniku  |b inauguračná prednáška  |c Martin Péč 
246 3 4 |a The role of mast cell in the pathogenesis of mastocytosis - from gene to clinic 
264 1 |a Nitra  |b Univerzita Konštantína Filozofa v Nitre  |c 2016 
300 |a 50 strán  |b fotografie  |c 21 cm 
336 |a text  |b txt  |2 rdacontent 
337 |a bez média  |b n  |2 rdamedia 
338 |a zväzok  |b nc  |2 rdacarrier 
366 |e 100 kusov 
490 1 |a Inauguračné prednášky 
500 |a Curriculum vitae 
500 |a Obsahuje: Najvýznamnejšie práce autora 
504 |a Bibliografia na strane 43-46 
546 |a Súbežný názov v angličtine ; anglické a slovenské resumé 
650 0 7 |a mastocytózy  |2 SNKPH  |9 357757 
650 0 7 |a etiopatogenéza  |2 SNKPH  |9 115581 
650 0 7 |a transmisná elektrónová mikroskopia  |2 SNKPH  |9 111221 
650 0 7 |a mastocyty  |2 SNKPH  |9 357758 
650 0 7 |a Mastocytosis  |2 SNKPHeng  |9 357759 
650 0 7 |a Mast cells  |2 SNKPHeng  |9 357760 
650 0 7 |a Etiopathogenesis  |2 SNKPHeng  |9 327047 
650 0 7 |a Transmission electron microscopy  |2 SNKPHeng  |9 357761 
655 7 |a profesorské prednášky  |2 SNKPH  |9 115479 
655 7 |a Inauguration lectures  |2 SNKPHeng  |9 315422 
810 2 |a Univerzita Konštantína Filozofa v Nitre.  |b Fakulta prírodných vied  |t Inauguračné prednášky  |9 357762 
852 |a Slovenská národná knižnica 
919 |a 978-80-558-0975-5 
954 |a odborná, vedecká literatúra pôvodná (slovenská)  |2 lita 
958 |a NB 
999 |c 602425  |d 604355 
952 |a SNK  |b SNK  |y PREZ  |7 0  |p 17A1363459  |o snkSC 183836  |i snk2019/10524  |8 0  |0 0  |1 0  |4 0  |d 2019-04-11  |f 1  |l 0  |r 2026-02-23 15:58:41  |w 2026-02-23